| 000 | 00597nam a2200205Ia 4500 | ||
|---|---|---|---|
| 999 |
_c51456 _d51456 |
||
| 001 | 18442 | ||
| 003 | GE_BSU | ||
| 005 | 20231030111249.0 | ||
| 008 | 181216s2011||||enk|||||||||||||| ||eng|| | ||
| 020 | _a978027375047 | ||
| 040 | _cGE_BSU | ||
| 041 | _aeng | ||
| 080 | _a331+370 K-48 | ||
| 100 |
_aKirton, Bill _920263 |
||
| 245 |
_aBrilliant Workplace skills for students & graduates _bHow to hit the ground running from your fist day on the job _cBill Kirton. |
||
| 264 |
_aHarlow : _bPearson, _c2012. |
||
| 300 |
_a299 p.: _b22 cm. |
||
| 653 | _aეკონომიკა | ||
| 942 |
_cBK _2udc |
||